000 00636nam a2200205 4500
005 20250624122132.0
010 _aENG-145397
020 _a9789361631856
_c300.00
035 _aEN-128929
037 _bDBAD
082 _a370.15
_21
100 _aV. Karthika Rani
_982280
245 _aEducational Psychology
_cV. Karthika Rani [and] R. Dhamotharan
250 _a1
260 _aMadurai
_bShanlax Publications
_c2024
270 _a61,66 Vasantha Nagar
_bMadurai
_e625003
_mshanlaxpublications@gmail.com
300 _a213p.
_c22cm(Pb)
700 _aDhamotharan, R.
_eAuthor
_982281
942 _2ddc
_cEN
_h370.15
_mKAR
999 _c211919
_d211919